| Tag |
First Indicator |
Second Indicator |
Subfields |
| LEADER |
00000cam a2200000 i 4500 |
| 001 |
in00000665702 |
| 005 |
20151015085908.0 |
| 008 |
790116s1978 nju b 00110 eng |
| 010 |
|
|
|a 78110787
|
| 035 |
|
|
|a (OCoLC)04172802
|
| 035 |
|
|
|9 ACY3681AM
|
| 040 |
|
|
|a DLC
|c DLC
|d OCL
|d TXA
|d UtOrBLW
|
| 049 |
|
|
|a TXAM
|c [1385099]
|
| 050 |
0 |
0 |
|a JX1977.8.D6
|b F47
|
| 082 |
0 |
|
|a 070.5/95
|
| 100 |
1 |
|
|a Fetzer, Mary K.
|
| 245 |
1 |
0 |
|a United Nations documents and publications :
|b a research guide /
|c Mary K. Fetzer.
|
| 264 |
|
1 |
|a New Brunswick, N.J. :
|b Graduate School of Library Service, Rutgers University,
|c 1978.
|
| 300 |
|
|
|a iv, 61 pages ;
|c 28 cm.
|
| 336 |
|
|
|a text
|b txt
|2 rdacontent
|
| 337 |
|
|
|a unmediated
|b n
|2 rdamedia
|
| 338 |
|
|
|a volume
|b nc
|2 rdacarrier
|
| 490 |
1 |
|
|a Occasional papers - Rutgers University GSLS ; no. 76-5
|
| 500 |
|
|
|a Includes index.
|
| 610 |
2 |
0 |
|a United Nations
|x Government publications.
|
| 610 |
2 |
0 |
|a United Nations
|x Bibliography.
|
| 830 |
|
0 |
|a Occasional papers (Rutgers University. Graduate School of Library Service) ;
|v no. 76-5.
|
| 999 |
|
|
|a MARS
|
| 999 |
f |
f |
|s e23dd6f4-f25d-33e2-aad6-93fbf9b6583f
|i e8be33f0-d0f0-340c-94be-6fef1544e16f
|t 0
|
| 952 |
f |
f |
|p ric
|a Texas A&M University
|b Rellis Campus
|c Joint Library Facility
|d Remote Storage
|t 0
|e JX1977.8.D6 F47
|h Library of Congress classification
|i unmediated -- volume
|m A14803143626
|
| 998 |
f |
f |
|a JX1977.8.D6 F47
|t 0
|l Remote Storage
|